00985nam a2200253 a 4500001001000000003000500010005001700015008004100032010001100073011001100084040000900095100003700104245016700141260004100308500006000349502008100409650004200490650002700532650001900559650002800578700003900606856001600645856007000661000111009CHAP20220329144154.0141124s2014 mx sm |||||||spa d a107471 a108443 cCHAP1 aÁlvarez Hernández, Francisco10aCondiciones higrogeológicas del Municipio del Rayón, San Luis Potosíh[En línea]cpor Francisco Álvarez Hernández y Ángel Eduardo López Vázquez. aChapingo, Méx. :bEl autor,c2014. aPara ver el contenido del material haga clic en la liga aTesis (Ing. Agr. Esp. en Irrigación) -- UACH. Departamento de Irrigación14aAgua subterráneaxSan Luis Potosí14aAguaxAprovechamiento.14aAguaxCalidad.14aCuencas hidrológicas.1 aLópez Vásquez, Ángel Eduardo a1 n0000286 aFinding aiduhttp://10.13.5.2/tesis/sist111009.pdfzTeclea aquí